Ekonomická statistika pro studijní obor ekonomika nevýrobní sféry a sociální rozvoj

Gespeichert in:
Bibliographische Detailangaben
1. Verfasser: Jílek, Jaroslav
Weitere Verfasser: Souček, Eduard
Format: Buch
Sprache:Tschechisch
Veröffentlicht: Praha Státní nakladatelství technické literatury 1990
Ausgabe:1. vyd.
Tags: Tag hinzufügen
Keine Tags, Fügen Sie das erste Tag hinzu!

MARC

LEADER 00000nam a2200000 4500
001 c034191
005 20221215115914.2
041 0 |a cze 
044 |a CZ 
245 1 0 |a Ekonomická statistika pro studijní obor ekonomika nevýrobní sféry a sociální rozvoj  |c Jaroslav Jílek, Eduard Souček 
250 |a 1. vyd. 
264 1 |a Praha  |b Státní nakladatelství technické literatury  |c 1990 
300 |a 222 s. 
100 1 |a Jílek, Jaroslav 
700 1 |a Souček, Eduard